000 00390nam a2200157Ia 4500
003 Ost
005 20260225132545.0
008 260225s9999||||xx |||||||||||||| ||und||
040 _cfsic
041 _afre
082 _a440
100 _aOdile Bernardin
_eAuteur
245 0 _aLe cout de la documentation principes et méthodes de calcul /
245 0 _cOdile Bernardin
942 _cكتاب
999 _c33770
_d33770